000 00279nam a22001337a 4500
020 _a2825406732
082 _a266 BIT
100 _aBittlinger Arnold
245 _aThe Church is Charismatic
260 _aGeneva
_bWCC
_c1981
300 _a241
650 _aMission
942 _cBK
999 _c20085
_d20085